000 00623pab a2200217 454500
008 180718b2012 xxu||||| |||| 00| 0 eng d
100 _aBalkin , David B.
245 _aFacilitating and creating synergies between teaching and research: The role of the academic administrator
260 _c2012
300 _ap.471-494.
362 _aAug
650 _aResearch
650 _aManagement education
650 _aTeaching
650 _aAcademic teaching personnel
650 _aEducational management
700 _aMello, Jeffrey A.
773 _aJournal of Management Education
908 _aN
909 _a97152
999 _c97152
_d97152